[Event "ESP-chT Regional U16"]
[Site "Gijon"]
[Date "2021.06.18"]
[Round "3.4"]
[White "Gutierrez Ezquerro, Lucia"]
[Black "Rodriguez Perez, Alicia"]
[Result "1/2-1/2"]
[WhiteElo "1036"]
[BlackElo "1190"]
[PlyCount "90"]
[EventDate "2021.06.17"]
[EventType "team-swiss"]
[EventRounds "6"]
[EventCountry "ESP"]
[SourceTitle "EXT 2022"]
[Source "ChessBase"]
[SourceDate "2021.10.06"]
[SourceVersion "1"]
[SourceVersionDate "2021.10.06"]
[SourceQuality "1"]
[WhiteTeam "La Rioja U16"]
[BlackTeam "Castilla y Leon U16"]
[WhiteTeamCountry "ESP"]
[BlackTeamCountry "ESP"]

1. e4 e6 2. d4 d5 3. e5 c5 4. c3 Nc6 5. Be3 Qb6 6. Qb3 Qxb3 7. axb3 cxd4 8. Bxd4 Nxd4 9. cxd4 Bb4+ 10. Nc3 Bd7 11. Bd3 Ne7 12. Nf3 a5 13. 0-0 0-0 14. h3 Rac8 15. Ne2 Ng6 16. Kh2 Rc7 17. g4 b6 18. Kg3 Ne7 19. Nf4 Nc6 20. Rh1 Na7 21. h4 Bb5 22. h5 Bxd3 23. Nxd3 Be7 24. Nf4 h6 25. Nh3 Rc2 26. Rac1 Rfc8 27. Rb1 Nb5 28. g5 hxg5 29. Nhxg5 Bxg5 30. Nxg5 Nxd4 31. h6 gxh6 32. Nf3 Nf5+ 33. Kg2 Re2 34. Rbe1 Rxb2 35. Nh4 Nxh4+ 36. Rxh4 Kg7 37. Reh1 Rcc2 38. Rf4 Rxb3 39. Rf6 a4 40. Rh4 a3 41. Rg4+ Kf8 42. Rxh6 a2 43. Rh8+ Ke7 44. Ra8 Rbb2 45. Ra7+ Kf8 1/2-1/2

[Event "ESP-chT Regional U16"]
[Site "Gijon"]
[Date "2021.06.17"]
[Round "2.4"]
[White "Dieguez Novoa, Pura"]
[Black "Gutierrez Ezquerro, Lucia"]
[Result "0-1"]
[WhiteElo "1311"]
[BlackElo "1036"]
[PlyCount "72"]
[EventDate "2021.06.17"]
[EventType "team-swiss"]
[EventRounds "6"]
[EventCountry "ESP"]
[SourceTitle "EXT 2022"]
[Source "ChessBase"]
[SourceDate "2021.10.06"]
[SourceVersion "1"]
[SourceVersionDate "2021.10.06"]
[SourceQuality "1"]
[WhiteTeam "Galicia U16"]
[BlackTeam "La Rioja U16"]
[WhiteTeamCountry "ESP"]
[BlackTeamCountry "ESP"]

1. e4 e5 2. Nf3 Nc6 3. Bc4 Bc5 4. c3 Nf6 5. d4 exd4 6. cxd4 Bb4+ 7. Bd2 Nxe4 8. Bxb4 Nxb4 9. a3 d5 10. Bb5+ Nc6 11. Ne5 Bd7 12. 0-0 0-0 13. Nxc6 bxc6 14. Bd3 Ng5 15. Nd2 Re8 16. Qc2 Qf6 17. f4 Qxd4+ 18. Kh1 Ne4 19. Nxe4 dxe4 20. Bc4 e3 21. Rad1 Qe4 22. Bd3 Qe7 23. Rde1 Bg4 24. Bxh7+ Kf8 25. Bf5 Bxf5 26. Qxf5 e2 27. Rg1 g6 28. Qh3 Kg7 29. Qc3+ f6 30. Qxc6 Rh8 31. Qf3 Rae8 32. f5 Qe5 33. h3 gxf5 34. Qc3 Qd5 35. Qxc7+ Kf8 36. Qxa7 Rxh3# 0-1